Statistics for MLB Top MVP, Cy Young, and ROY 2023

Click here to take the quiz!

General Stats

  • This quiz has been taken 70 times
  • The average score is 35 of 40

Answer Stats

#PlayerTeamPos.% Correct
3Freddie FreemanLAD1B
100%
4Matt OlsonATL1B
100%
2Mookie BettsLADRF
100%
1Ronald Acuna Jr.ATLRF
100%
9Francisco LindorNYMSS
98%
3Marcus SemienTEX2B
98%
1Shohei OhtaniLAADH
98%
7Austin RileyATL3B
97%
1Blake SnellSDPP
97%
2Corey SeagerTEXSS
97%
9Adley RutschmanBALC
95%
1Corbin CarrollARILF
95%
5Corbin CarrollARILF
95%
1Gerrit ColeNYYP
95%
4Julio RodríguezSEACF
95%
7Bobby Witt Jr.KCRSS
93%
8Gunnar HendersonBAL3B
93%
1Gunnar HendersonBAL3B
93%
10José RamírezCLE3B
93%
8Luis ArráezMIA2B
93%
6Juan SotoSDPLF
91%
4Spencer StriderATLP
91%
10Cody BellingerCHCCF
90%
5Kyle TuckerHOURF
88%
3Kevin GausmanTORP
84%
3James OutmanLADCF
83%
6Yandy DíazTBR1B
83%
3Zac GallenARIP
83%
2Logan WebbSFGP
81%
5Luis CastilloSEAP
81%
5Yainer DiazHOUC
81%
5Justin SteeleCHCP
76%
4Josh JungTEX3B
74%
2Sonny GrayMINP
74%
2Kodai SengaNYMP
72%
4Nolan JonesCOLLF
71%
3Triston CasasBOS1B
67%
5Matt McLainCINSS
60%
4Kyle BradishBALP
57%
2Tanner BibeeCLEP
50%

Score Distribution

Percentile by Number Answered

Percent of People with Each Score

Your Score History

You have not taken this quiz